Online katalóg knižníc regiónu Turca

Šarlátové noci (Record no. 22030)

MARC details
000 -LEADER
fixed length control field 01653cam a2200457 a 4500
001 - CONTROL NUMBER
control field 22030
003 - CONTROL NUMBER IDENTIFIER
control field VRT
005 - DATE AND TIME OF LATEST TRANSACTION
control field 20260317165301.0
008 - FIXED-LENGTH DATA ELEMENTS--GENERAL INFORMATION
fixed length control field 240314s2012 xo g 000 f slo
015 ## - NATIONAL BIBLIOGRAPHY NUMBER
National bibliography number SNBA2012/04-02087
020 ## - INTERNATIONAL STANDARD BOOK NUMBER
International Standard Book Number 9788055127309
Qualifying information (viaz.)
035 ## - SYSTEM CONTROL NUMBER
System control number 33C976B0-DFD0-49DE-88D2-7EFC5613FFA1
035 ## - SYSTEM CONTROL NUMBER
System control number urn:nbn:sk:snk-amjjrb
035 ## - SYSTEM CONTROL NUMBER
System control number urn:nbn:sk:snk-am000zij
039 #9 - LEVEL OF BIBLIOGRAPHIC CONTROL AND CODING DETAIL [OBSOLETE]
Level of rules in bibliographic description 202512272108
Level of effort used to assign nonsubject heading access points AUTHORITY
Level of effort used to assign subject headings 202403141559
Level of effort used to assign classification VLOAD
Level of effort used to assign subject headings 201508271419
Level of effort used to assign classification VLOAD
Level of effort used to assign subject headings 201508271048
Level of effort used to assign classification VLOAD
040 ## - CATALOGING SOURCE
Original cataloging agency POKPOH
Language of cataloging slo
Transcribing agency POKPOH
Modifying agency SNK
Description conventions AACR2
041 1# - LANGUAGE CODE
Language code of text/sound track or separate title slo
Language code of original eng
044 ## - COUNTRY OF PUBLISHING/PRODUCING ENTITY CODE
MARC country code xo
ISO country code SK
072 #7 - SUBJECT CATEGORY CODE
Subject category code 821.111(73)-3
Subject category code subdivision Americká próza
Source konspekt
080 ## - UNIVERSAL DECIMAL CLASSIFICATION NUMBER
Universal Decimal Classification number 821.111(73)-31
Edition identifier 2001
080 ## - UNIVERSAL DECIMAL CLASSIFICATION NUMBER
Universal Decimal Classification number (0:82-312.5)
Edition identifier 2001
100 1# - MAIN ENTRY--PERSONAL NAME
Personal name Deveraux, Jude,
Dates associated with a name 1947-
Relationship aut
240 10 - UNIFORM TITLE
Uniform title Scarlet nights
Language of a work Slovensky
245 10 - TITLE STATEMENT
Title Šarlátové noci
Statement of responsibility, etc. Jude Deverauxová ; [z anglického originálu preložil Otakar Kořínek]
250 ## - EDITION STATEMENT
Edition statement [1. vyd.]
260 ## - PUBLICATION, DISTRIBUTION, ETC.
Place of publication, distribution, etc. Bratislava
Name of publisher, distributor, etc. Ikar
Date of publication, distribution, etc. 2012
300 ## - PHYSICAL DESCRIPTION
Extent 319 s.
Dimensions 21 cm
655 #7 - INDEX TERM--GENRE/FORM
Genre/form data or focus term americké romány
Source of term SNKPH
655 #7 - INDEX TERM--GENRE/FORM
Genre/form data or focus term ľúbostné romány
Source of term SNKPH
655 #7 - INDEX TERM--GENRE/FORM
Genre/form data or focus term American fiction
Source of term SNKPHeng
655 #7 - INDEX TERM--GENRE/FORM
Genre/form data or focus term Love novels
Source of term SNKPHeng
700 1# - ADDED ENTRY--PERSONAL NAME
Personal name Kořínek, Otakar,
Dates associated with a name 1946-2025
Relationship trl
942 ## - ADDED ENTRY ELEMENTS (KOHA)
Source of classification or shelving scheme Dewey Decimal Classification
Koha item type Krásna literatúra pre dospelých
Suppress in OPAC No
949 ## - LOCAL PROCESSING INFORMATION (OCLC)
6 270001000396346
a svkbbA 133920
b svkbbm 724755
949 ## - LOCAL PROCESSING INFORMATION (OCLC)
6 17A0879742
a snkSC 148605
b snk2012/5717
o 487/12
949 ## - LOCAL PROCESSING INFORMATION (OCLC)
6 17A0895985
a snkSC 148605 D1
b snk2012/6926
o 487/12
s 6100:20140925
949 ## - LOCAL PROCESSING INFORMATION (OCLC)
6 2889184614
a savukPV 16350
b savuk2012/2246
949 ## - LOCAL PROCESSING INFORMATION (OCLC)
6 273K0570838
a svkpoA 221323
b svkpo572741
980 ## - EQUIVALENCE OR CROSS-REFERENCE-SERIES STATEMENT--PERSONAL NAME/TITLE [LOCAL, CANADA]
Personal name 821.111(73)-31
Holdings
Stav vyradenia Strata Poškodenie Spôsob nadobudnutia Domovská knižnica Aktuálna knižnica Dátum nadobudnutia Cena Total checkouts Čiarový kód exemplára Date last seen Typ exemplára
      Dar Obecná knižnica Horná Štubňa Obecná knižnica Horná Štubňa 17.03.2026 7.40   9788055127309 17.03.2026 Krásna literatúra pre dospelých
Projekt je podporený Slovenskou asociáciou knižníc
Prevádzkuje Turčianska knižnica Martin 2026